000
00260nam a2200097Ia 4500
001
647555
005
20250826153705.0
008
250824s9999 xx 000 0 und d
245
0
_a
Gelincik Diz/Yaşanmış Hayvan Öyküler 2
_c
Gülten Dayıoğlu
260
_b
ALTIN
999
_c
647555
_d
647555